Culture Générale - Série 692 - Statistiques

Statistiques générales
  • Ce quiz a été pris 122 fois
  • Le résultat moyen est 6 sur 10
Statistiques - réponses
Question Réponse % Correct
De quel pays sont originaires les principes du yin et du yang ? Chine
98%
A quel pays européen actuel l'adjectif : "lusitanien" se rapporte-t-il ? Portugal
84%
Quel est le groupe sanguin d'un individu dit receveur universel ? AB
75%
Dans quel sport Kelly Slater, ex de Pamela Anderson et d'Alerte à Malibu, a-t-il été 9 fois champion du monde ? surf
70%
Quelle est l'unité monétaire principale de la Slovaquie ? euro
65%
Qu'est-ce qui "part toujours à l'heure" d'après la Bande à Basile ? La Chenille
63%
Dans quel département du Languedoc-Rousillon se trouve le lac de Salagou ? Hérault
62%
En 1973, dans quel film de Marco Ferreri quatre hommes se réunissent-ils pour manger jusqu'à ce que mort s'ensuive ? La Grande Bouffe
47%
D'après le titre d'un film d'Alexandre Arcady, dans quelle ville a lieu le "Dernier été" ? Tanger
24%
Quel pays a pour équipe nationale de football le "Bateau pirate" ? Grèce
6%
Aucun quiz correspondant
Distribution des résultats
% des personnes avec chaque résultat
Percentile par nombre de réponses
Votre historique - résultats
Vous n’avez pas pris ce quiz